Phenological behavior of feijoa accessions in their main diversity center (Registro n. 298988)
[ somente texto ]
| 000 -LÍDER | |
|---|---|
| fixed length control field | 04136nab a2200349 i 4500 |
| 003 - CÓDIGO MARC DA AGÊNCIA CATALOGADORA | |
| Campo de controle | BR-BrBNA |
| 005 - DATA E HORA DA ÚLTIMA ATUALIZAÇÃO | |
| Campo de controle | 20240328140824.0 |
| 008 - CAMPO DE TAMANHO FIXO | |
| fixed length control field | 240328b2020 bl.ar|pooa||| 00| 0 eng | |
| 040 ## - FONTE DA CATALOGAÇÃO | |
| Agência catalogadora | BR-BrBNA |
| Idioma da catalogação | eng |
| 072 ## - CATEGORIA AGRIS | |
| Código AGRIS | F40 |
| Código do objeto | 1116 |
| 100 ## - ENTRADA PRINCIPAL - NOME PESSOAL | |
| Nome pessoal | Sánchez-Mora, Fernando David |
| 100 ## - ENTRADA PRINCIPAL - NOME PESSOAL | |
| Nome pessoal | Saifert, Luciano |
| 100 ## - ENTRADA PRINCIPAL - NOME PESSOAL | |
| Nome pessoal | Ciotta, Marlise Nara |
| 100 ## - ENTRADA PRINCIPAL - NOME PESSOAL | |
| Nome pessoal | Ribeiro, Humberto Nunes |
| 100 ## - ENTRADA PRINCIPAL - NOME PESSOAL | |
| Nome pessoal | Malinovski, Luciane Isabel |
| 100 ## - ENTRADA PRINCIPAL - NOME PESSOAL | |
| Nome pessoal | Santos, Karine Louise dos |
| 100 ## - ENTRADA PRINCIPAL - NOME PESSOAL | |
| Nome pessoal | Ducroquet, Jean Pierre Henri Joseph |
| 100 ## - ENTRADA PRINCIPAL - NOME PESSOAL | |
| Nome pessoal | Nodari, Rubens Onofre |
| 245 ## - TÍTULO PRINCIPAL | |
| Título principal | Phenological behavior of feijoa accessions in their main diversity center |
| 500 ## - NOTA GERAL | |
| Nota geral | Publicação on-line, 29 ref.; 4 illus.; 2 tables; Summaries (En, Pt) |
| 942 ## - ADDED ENTRY ELEMENTS (KOHA) | |
| Koha item type | |
| 520 ## - NOTA DE RESUMO | |
| Nota de conteúdo | <br/><br/>Abstract – The objective of this work was to identify the minimum base temperature (Tb) and the maximum base temperature (TB) to predict the hermal time for six phenological stages of feijoa (Acca sellowiana) accessions. During ten noncontinuous harvests (2004 to 2017), 247 feijoa accessions, maintained in the Feijoa Active Germplasm Bank, in São Joaquim, in the state of Santa Catarina, Brazil, had their data recorded for: initial sprouting (IS), initial flowering (IF), end of flowering (EF), beginning of harvest (BH), and end of harvest (EH). Tb and TB were estimated by the Arnold’s method of least variability, and the TT requirements were obtained by Ometto’s method. Tb at 7.76°C and TB at 17.0°C were necessary when feijoa plants started growing (IS stage) just after winter; and Tb at 10.6°C and TB at 19.5°C were the calculated values from IS until BH. The budding stage of the accessions began in the mid-September (50.6%); flowering occurred predominantly in November (90%); and harvest began in March and lasted until May. About 176 days, with 1,014.4 growing degree-days, are necessary to complete the productive cycle from IS until BH. The early, intermediary, and late fruitripening accessions show different thermal time requirements.<br/><br/><br/>Index terms: Acca sellowiana, base temperature, growing degree-days, pineapple guava, thermal time |
| 520 ## - NOTA DE RESUMO | |
| Nota de conteúdo | <br/><br/>Resumo – O objetivo deste trabalho foi identificar a temperatura base mínima (Tb) e a temperatura base máxima (TB), para predizer o requerimento térmico de seis estágios fenológicos de acessos de feijoa (Acca sellowiana). Durante dez safras não sequenciais (2004 a 2017), 247 acessos, mantidos no Banco Ativo de Germoplasma, em São Joaquim, no estado de Santa Catarina, Brasil, tiveram seus dados registrados quanto a: início de brotação (IB), início de floração (IF), fim de floração (FF), início de colheita (IC) e fim de colheita (FC). A Tb e a TB foram estimadas pelo método de mínima variabilidade de Arnold, e os requerimentos térmicos foram obtidos pelo método de Ometto. Os valores de Tb a 7,76°C e TB a 17,0°C foram necessários quando as plantas de feijoa começaram a crescer (estágio IB), logo após o inverno; e Tb a 10,6°C e TB a 19,5°C foram os valores calculados de IB até IC. A brotação dos acessos iniciou-se em meados de setembro (50,6%); a floração ocorreu predominantemente em novembro (90%); e a colheita iniciou-se em março, tendo-se estendido até maio. São necessários cerca de 176 dias, com 1.014,4 graus-dia, para completar o ciclo produtivo desde IB até IC. Os acessos de feijoa de maturação precoce, intermediária e tardia apresentam diferentes exigências de requerimento térmico.<br/><br/><br/>Termos para indexação: Acca sellowiana, temperatura base, graus-dia de desenvolvimento, goiabeira-serrana, soma térmica. |
| 650 ## - ASSUNTO - THESAGRO | |
| Cabeçalho tópico ou nome geográfico | GOIABA SERRANA |
| 650 ## - ASSUNTO - THESAGRO | |
| Cabeçalho tópico ou nome geográfico | FLORAÇÃO |
| 650 ## - ASSUNTO - THESAGRO | |
| Cabeçalho tópico ou nome geográfico | CONDIÇÃO AMBIENTAL |
| 650 ## - ASSUNTO - THESAGRO | |
| Cabeçalho tópico ou nome geográfico | FENOLOGIA |
| 650 ## - ASSUNTO - THESAGRO | |
| Cabeçalho tópico ou nome geográfico | TEMPERATURA |
| 773 0# - ENTRADA ANALÍTICA | |
| Host Biblionumber | 920 |
| Registro do item | 25800 |
| Imprenta | Brasília-DF Empresa Brasileira de Pesquisa Agropecuária - EMBRAPA 1966- |
| Outro identificador | 2023-436355 |
| Título | Pesquisa Agropecuária Brasileira (Brazil) |
| ISSN | 0100-204X |
| Colação | v. 55 p. 1-12; (2020) |
| Número de controle de registro | BR2024000258 |
| 856 ## - ACESSO E ENDEREÇO ELETRÔNICO | |
| Identificador uniforme de recurso - URI | https://www.scielo.br/j/pab/a/m43h7HmLXhc7rw9Vj3MTpnk/?format=pdf&lang=en |
Nenhum exemplar disponível.

BINAGRI